Missing Word: Entertainment D Quiz Stats

Quiz Updated Jul 18, 2015

Challenge
Share
Tweet
Embed
Score 0/20 Timer 04:00
0 Plays Today
Hint Answer % Correct
BookDick
98.4%
BookDavid
96.9%
MusicalDirty
95.3%
MusicalDolls
94.1%
MovieDeer
92.3%
BookDoctor
91.8%
AlbumDead
91.4%
MusicalDolly
87.8%
MovieDas
84.9%
MovieDjango
81.7%
Hint Answer % Correct
MovieDouble
79.9%
BookDying
79.6%
AlbumDory
73.9%
BookDeath
62.2%
AlbumDefinitely
61.6%
AlbumDestruction
56.2%
MusicalDark
52.1%
MovieDarjeeling
36.5%
MusicalDestry
31.1%
AlbumDaydream
4.5%

Today's Daily Dose

Word Ladder
Summertime

On This Day
June 23rd II

You're not logged in!

Compare scores with friends on all Sporcle quizzes.
Join for Free
OR
Log In

You Might Also Like...

Show Comments

Extras

Top Quizzes Today


Score Distribution

Your Account Isn't Verified!

In order to create a playlist on Sporcle, you need to verify the email address you used during registration. Go to your Sporcle Settings to finish the process.

Report this User

Report this user for behavior that violates our Community Guidelines.

Details: